A TEXTBOOK OF FORENSIC PHARMACY (Record no. 7470)

MARC details
000 -LEADER
fixed length control field 00426nam a22001697a 4500
005 - DATE AND TIME OF LATEST TRANSACTION
control field 20230128133109.0
008 - FIXED-LENGTH DATA ELEMENTS--GENERAL INFORMATION
fixed length control field 210219b ||||| |||| 00| 0 eng d
020 ## - INTERNATIONAL STANDARD BOOK NUMBER
ISBN 81-85731-13-6
041 ## - LANGUAGE CODE
Language code of text/sound track or separate title eng
082 ## - DEWEY DECIMAL CLASSIFICATION NUMBER
Classification number 615.1
Item number MIT-T
100 ## - MAIN ENTRY--AUTHOR NAME
Personal name MITHAL, B.M.
245 ## - TITLE STATEMENT
Title A TEXTBOOK OF FORENSIC PHARMACY
260 ## - PUBLICATION, DISTRIBUTION, ETC. (IMPRINT)
Place of publication DELHI
Name of publisher VALLABH PRAKASHAN
Year of publication 1999
300 ## - PHYSICAL DESCRIPTION
Number of Pages 238,p
650 ## - SUBJECT ADDED ENTRY--TOPICAL TERM
Topical Term PHARMACY
General subdivision D.PHARMA
942 ## - ADDED ENTRY ELEMENTS (KOHA)
Koha item type Books
Holdings
Lost status Damaged status Collection code Home library Current library Shelving location Date acquired Source of acquisition Cost, normal purchase price Full call number Accession Number Koha item type
    Reference JRU Library JRU Library SHELF-3-A 19/02/2021 PURCHES / LBI - 1710 / 11-2-21 210.00 615.1 25595 Books
    PHARMACY JRU Library JRU Library SHELF-19-E 19/02/2021 PURCHES / LBI - 1710 / 11-2-21 210.00 615.1 25596 Books
    PHARMACY JRU Library JRU Library SHELF-19-E 19/02/2021 PURCHES / LBI - 1710 / 11-2-21 210.00 615.1 25597 Books
    PHARMACY JRU Library JRU Library SHELF-19-E 19/02/2021 PURCHES / LBI - 1710 / 11-2-21 210.00 615.1 25598 Books
    PHARMACY JRU Library JRU Library SHELF-19-E 19/02/2021 PURCHES / LBI - 1710 / 11-2-21 210.00 615.1 25599 Books
    PHARMACY JRU Library JRU Library SHELF-17-E 15/02/2022 PURCHASE 210.00 615.1 26466 Books
    PHARMACY JRU Library JRU Library SHELF-19-E 15/02/2022 PURCHASE 210.00 615.1 26467 Books
    PHARMACY JRU Library JRU Library SHELF-19-E 15/02/2022 PURCHASE 210.00 615.1 26468 Books
    PHARMACY JRU Library JRU Library SHELF-19-E 15/02/2022 PURCHASE 210.00 615.1 26469 Books
    PHARMACY JRU Library JRU Library SHELF-19-E 15/02/2022 PURCHASE 210.00 615.1 26470 Books
    PHARMACY JRU Library JRU Library SHELF-19-E 25/02/2022 PURCHASE 210.00 615.1 26616 Books
    PHARMACY JRU Library JRU Library SHELF-19-E 25/02/2022 PURCHASE 210.00 615.1 26617 Books
    PHARMACY JRU Library JRU Library SHELF-19-E 25/02/2022 PURCHASE 210.00 615.1 26618 Books
    PHARMACY JRU Library JRU Library SHELF-19-E 25/02/2022 PURCHASE 210.00 615.1 26619 Books
    PHARMACY JRU Library JRU Library SHELF-19-E 26/02/2022 PURCHASE 215.00 615.1 26762 Books
    PHARMACY JRU Library JRU Library SHELF-19-E 20/01/2023 LOHIA BOOK INTERNATIONAL 210.00 615.1 MIT-T 27396 Books
    PHARMACY JRU Library JRU Library SHELF-17-E 20/01/2023 LOHIA BOOK INTERNATIONAL 210.00 615.1 MIT-T 27397 Books
    PHARMACY JRU Library JRU Library SHELF-19-E 20/01/2023 LOHIA BOOK INTERNATIONAL 210.00 615.1 MIT-T 27398 Books
    PHARMACY JRU Library JRU Library SHELF-19-E 20/01/2023 LOHIA BOOK INTERNATIONAL 210.00 615.1 MIT-T 27399 Books
    PHARMACY JRU Library JRU Library SHELF-17-E 20/01/2023 LOHIA BOOK INTERNATIONAL 210.00 615.1 MIT-T 27400 Books
    PHARMACY JRU Library JRU Library SHELF-19-E 20/01/2023 LOHIA BOOK INTERNATIONAL 210.00 615.1 MIT-T 27401 Books
    PHARMACY JRU Library JRU Library SHELF-19-E 20/01/2023 LOHIA BOOK INTERNATIONAL 210.00 615.1 MIT-T 27402 Books